Vida y escritos del Marqués de Santa Cruz de Marcenado / (Record no. 158433)
[ view plain ]
| 000 -LEADER | |
|---|---|
| campo de control de longitud fija | 01191nam a2200217 i 4500 |
| 001 - NÚMERO DE CONTROL | |
| campo de control | 158433 |
| 003 - IDENTIFICADOR DE NÚMERO DE CONTROL | |
| campo de control | ES-MaACL |
| 005 - FECHA Y HORA DE LA ÚLTIMA TRANSACCIÓN | |
| campo de control | 20250826151005.0 |
| 008 - DATOS DE LONGITUD FIJA--INFORMACIÓN GENERAL | |
| campo de control de longitud fija | 990308s1886 sp abf |||| | spa d |
| 040 ## - FUENTE DE CATALOGACIÓN | |
| Centro catalogador/agencia de origen | CCPB | B |
| Lengua de catalogación | spa |
| Centro/agencia transcriptor | CCPB | B |
| 100 1# - ENTRADA PRINCIPAL--NOMBRE DE PERSONA | |
| Nombre de persona | Madariaga y Suárez, Juan de, |
| Fechas asociadas al nombre | 1856-1936 |
| 9 (RLIN) | 75299 |
| 245 10 - MENCIÓN DEL TÍTULO | |
| Título | Vida y escritos del Marqués de Santa Cruz de Marcenado / |
| Mención de responsabilidad, etc. | por Juan de Madariaga y Suárez. |
| 260 ## - PUBLICACIÓN, DISTRIBUCIÓN, ETC. | |
| Lugar de publicación, distribución, etc. | Madrid : |
| Nombre del editor, distribuidor, etc. | [s.n.], |
| Fecha de publicación, distribución, etc. | 1886 ( |
| Fabricante | Establecimiento tipográfico de Enrique Rubiños) |
| 300 ## - DESCRIPCIÓN FÍSICA | |
| Extensión | 717, [1] p., [1] h. de lám., [1] h. de lám. pleg., [2] h. de plan. pleg. ; |
| Dimensiones | 29 cm. |
| 500 ## - NOTA GENERAL | |
| Nota general | Primer premio en el certamen convocado por la Junta directiva del Segundo Centenario del Marqués de Santa Cruz de Marcenado en 1885. |
| 596 ## - NOTA AL PIE DE IMPRENTA | |
| NOTA AL PIE DE IMPRENTA | Marca tip. en port. |
| 599 ## - NOTA A LAS ILUSTRACIONES | |
| NOTA A LAS ILUSTRACIONES | Las h. de grab. son litogr., árbol genealógico y escudo de armas de los Navia-Osorios y firma, rúbrica y medallas del Marqués de Santa Cruz del Marcenado. Las h. de plano son litogr., de Barcelona y Orán. |
| 600 17 - PUNTO DE ACCESO ADICIONAL DE MATERIA--NOMBRE DE PERSONA | |
| Nombre de persona | Santa Cruz de Marcenado, Alvaro Navia Ossorio, |
| Títulos y otros términos asociados al nombre | Marqués de- |
| Subdivisión general | Biografías |
| Fuente del encabezamiento o término | |
| 9 (RLIN) | 132422 |
| 852 ## - LOCALIZACIÓN | |
| Ubicación | ES-MaACL |
| Número de control de estantería | F-14 |
| Nota libre | -- Enc. pasta |
| Estatus retirado | Estado de pérdida | Estado de daño | No para préstamo | Colección | Biblioteca de origen | Biblioteca actual | Ubicación en estantería | Fecha de adquisición | Fuente de adquisición | Total de préstamos | Signatura topográfica completa | Código de barras | Visto por última vez | Precio de reemplazo | Tipo de ítem Koha |
|---|---|---|---|---|---|---|---|---|---|---|---|---|---|---|---|
| Libros del s. XIX | Biblioteca del Ateneo de Madrid | Biblioteca del Ateneo de Madrid | Depósito 2 | 17/01/2008 | F-14 | 1165819 | 23/02/2023 | 23/02/2023 | Libro impreso antiguo |
